Analýza indikátorov merania koncentrácie v odvetví výroba a rozvod elektriny, plynu, pary a teplej vody dizertačná práca

Saved in:
Bibliographic Details
Main Author: Oršulová, Anna
Corporate Author: Ekonomická univerzita v Bratislave. Fakulta hospodárskej informatiky
Other Authors: Brezina, Ivan, 1963-
Format: Book
Language:Slovak
Published: Bratislava 2008
Subjects:
Tags: Add Tag
No Tags, Be the first to tag this record!

MARC

LEADER 00000nam$a2200000$$$4500
001 0082621
005 20240109071050.7
041 0 |a slo 
044 |a SK 
245 1 0 |a Analýza indikátorov merania koncentrácie v odvetví výroba a rozvod elektriny, plynu, pary a teplej vody  |b dizertačná práca  |c Anna Oršulová ; škol. Ivan Brezina 
264 1 |a Bratislava  |c 2008 
300 |a 139 s. 
610 2 0 |a odvetvia činnosti ekonomickej 
610 2 0 |a výroba 
610 2 0 |a elektrina 
610 2 0 |a rozvod energie 
610 2 0 |a plyn 
610 2 0 |a voda 
100 1 |a Oršulová, Anna 
700 1 |a Brezina, Ivan, 1963- 
710 2 |a Ekonomická univerzita v Bratislave. Fakulta hospodárskej informatiky